Using counter-examples in calculus. / (Record no. 873)
[ view plain ]
| 000 -LEADER | |
|---|---|
| fixed length control field | 01544cam a22003374a 4500 |
| 001 - CONTROL NUMBER | |
| control field | 16011495 |
| 005 - DATE AND TIME OF LATEST TRANSACTION | |
| control field | 20210414113937.0 |
| 008 - FIXED-LENGTH DATA ELEMENTS--GENERAL INFORMATION | |
| fixed length control field | 091207s2009 enka b 000 0 eng c |
| 010 ## - LIBRARY OF CONGRESS CONTROL NUMBER | |
| LC control number | 2009288714 |
| 020 ## - INTERNATIONAL STANDARD BOOK NUMBER | |
| International Standard Book Number | 9781848163591 |
| 020 ## - INTERNATIONAL STANDARD BOOK NUMBER | |
| International Standard Book Number | 1848163592 |
| 020 ## - INTERNATIONAL STANDARD BOOK NUMBER | |
| International Standard Book Number | 9781848163607 (pbk.) |
| 020 ## - INTERNATIONAL STANDARD BOOK NUMBER | |
| International Standard Book Number | 1848163606 (pbk.) |
| 035 ## - SYSTEM CONTROL NUMBER | |
| System control number | (OCoLC)ocn277196255 |
| 040 ## - CATALOGING SOURCE | |
| Original cataloging agency | BTCTA |
| Transcribing agency | BTCTA |
| Modifying agency | YDXCP |
| -- | BWK |
| -- | BWX |
| -- | CDX |
| -- | TXA |
| -- | DLC |
| 042 ## - AUTHENTICATION CODE | |
| Authentication code | pcc |
| 050 00 - LIBRARY OF CONGRESS CALL NUMBER | |
| Classification number | QA303.2.M37 |
| 082 00 - DEWEY DECIMAL CLASSIFICATION NUMBER | |
| Classification number | 515 |
| Edition number | 22 |
| 100 1# - MAIN ENTRY--PERSONAL NAME | |
| Personal name | Mason, John, |
| Dates associated with a name | 1944- |
| 245 10 - TITLE STATEMENT | |
| Title | Using counter-examples in calculus. / |
| Statement of responsibility, etc. | John Mason, Sergiy Klymchuk. |
| 260 ## - PUBLICATION, DISTRIBUTION, ETC. | |
| Place of publication, distribution, etc. | London : |
| Name of publisher, distributor, etc. | Imperial College Press ; |
| Place of publication, distribution, etc. | Singapore ; |
| -- | Hackensack, NJ : |
| Name of publisher, distributor, etc. | Distributed by World Scientific, |
| Date of publication, distribution, etc. | c2009. |
| 300 ## - PHYSICAL DESCRIPTION | |
| Extent | xv, 98 p. : |
| Other physical details | ill. ; |
| Dimensions | 28 cm. |
| 504 ## - BIBLIOGRAPHY, ETC. NOTE | |
| Bibliography, etc. note | Includes bibliographical references (p. 97-98). |
| 505 ## - FORMATTED CONTENTS NOTE | |
| Formatted contents note | Contents: Working with counter-examples -- The Pathological debate -- Bones to chew: collection of false statements: functions -- Limits -- Continuity -- Differential calculus -- Integral calculus -- Suggested solutions and new challenges: functions -- Limits -- continuity -- Differential calculus -- Integral calculus. |
| 650 #0 - SUBJECT ADDED ENTRY--TOPICAL TERM | |
| Topical term or geographic name entry element | Calculus |
| Form subdivision | Problems, exercises, etc. |
| 650 #0 - SUBJECT ADDED ENTRY--TOPICAL TERM | |
| Topical term or geographic name entry element | Calculus |
| General subdivision | Study and teaching (Higher) |
| 700 1# - ADDED ENTRY--PERSONAL NAME | |
| Personal name | Klymchuk, Sergiy. |
| 906 ## - LOCAL DATA ELEMENT F, LDF (RLIN) | |
| a | 7 |
| b | cbc |
| c | pccadap |
| d | 2 |
| e | ncip |
| f | 20 |
| g | y-gencatlg |
| 942 ## - ADDED ENTRY ELEMENTS (KOHA) | |
| Source of classification or shelving scheme | Library of Congress Classification |
| Koha item type | Books |
| Withdrawn status | Lost status | Source of classification or shelving scheme | Damaged status | Not for loan | Home library | Current library | Shelving location | Date acquired | Total Checkouts | Full call number | Barcode | Date last seen | Price effective from | Koha item type |
|---|---|---|---|---|---|---|---|---|---|---|---|---|---|---|
| Library of Congress Classification | WISCONSIN INTERNATIONAL UNIVERSITY COLLEGE, GHANA - MAIN LIBRARY | WISCONSIN INTERNATIONAL UNIVERSITY COLLEGE, GHANA - MAIN LIBRARY | General Stacks | 14/05/2012 | QA303.2 .M37 | 1892/12 | 14/05/2012 | 14/05/2012 | Books |
